| 000 | 00900cam a2200253 a 4500 | ||
|---|---|---|---|
| 001 | 000018483 | ||
| 005 | 20260120073950.0 | ||
| 008 | 100510s1942 sp 000 0 spa d | ||
| 040 |
_aDO-SdBNP _bspa _cBNPHU |
||
| 082 |
_a248.4 _bG748g |
||
| 100 | 1 |
_aGranada, Luis de, Fray _939983 |
|
| 245 | 1 | 0 |
_aGuia de pecadores / _cFray Luis de Granada ; edición, prólogo y notas Matías Martínez Burgos. |
| 260 |
_aMadrid, España : _bEspasa - Calpe, _c1942. |
||
| 300 |
_a268 p. ; _c18 cm. |
||
| 490 | 1 |
_aClásicos castellanos ; _v97 |
|
| 504 | _aIncluye referencias bibliográficas | ||
| 504 | _aIncluye notas al pie de las páginas | ||
| 650 | 4 |
_aVida cristiana _xAutores católicos _939984 |
|
| 650 | 0 |
_aVida espiritual _9268 |
|
| 650 | 4 |
_aVida cristiana _xEnseñanza bíblica _98328 |
|
| 700 | 1 |
_aMartínez Burgos, Matías _bed. _939985 |
|
| 830 | 0 |
_aClásicos castellanos _v97 _94180 |
|
| 049 | _aBNGR | ||
| 999 |
_c18003 _d18003 |
||